Inovácia na finančných trhoch SR - súčasnosť, možnosti, perspektívy (Investičné certifikáty) diplomová práca

Gespeichert in:
Bibliographische Detailangaben
1. Verfasser: Maček, Peter
Körperschaft: Podnikovohospodárska fakulta EU so sídlom v Košiciach. Katedra ekonómie
Weitere Verfasser: Farkašovská, Mária
Format: Buch
Sprache:Slowakisch
Veröffentlicht: Košice 2008
Tags: Tag hinzufügen
Keine Tags, Fügen Sie das erste Tag hinzu!

MARC

LEADER 00000nam$a2200000$$$4500
001 0077444
005 20240827092416.6
041 0 |a slo 
044 |a SK 
245 1 0 |a Inovácia na finančných trhoch SR - súčasnosť, možnosti, perspektívy (Investičné certifikáty)  |b diplomová práca  |c Peter Maček ; škol. Mária Farkašovská 
264 1 |a Košice  |c 2008 
300 |a 67 s. 
100 1 |a Maček, Peter 
700 1 |a Farkašovská, Mária 
710 2 |a Podnikovohospodárska fakulta EU so sídlom v Košiciach. Katedra ekonómie